El rebrote de la espátula: la pintura en tiempo real de Mónica Peric
Đã lưu trong:
| Tác giả chính: | |
|---|---|
| Định dạng: | Sách |
| Ngôn ngữ: | Tiếng Tây Ban Nha |
| Được phát hành: |
Santiago
Sala Mezanina
2005
|
| Những chủ đề: | |
| Các nhãn: |
Thêm thẻ
Không có thẻ, Là người đầu tiên thẻ bản ghi này!
|
MARC
| LEADER | 00000nam a2200000 a 4500 | ||
|---|---|---|---|
| 001 | UCK4155 | ||
| 003 | CL-VaPUC | ||
| 008 | 050520e20050000CL |||||||||||||||||spa|d | ||
| 082 | 0 | 4 | |a 759.983 |b PER |2 21 |
| 100 | 0 | |a Peric Castillo, Mónica |e author |9 488086 | |
| 245 | 1 | 3 | |a El rebrote de la espátula: la pintura en tiempo real de Mónica Peric |
| 246 | 1 | 0 | |a M. Peric: obras recientes 2004-2005 |
| 300 | |a 47 p | ||
| 942 | |c BK | ||
| 945 | |d 20050520 00:00:00 |a jcarroza | ||
| 260 | |a Santiago |b Sala Mezanina |c 2005 | ||
| 650 | 0 | |a Artistas chilenos |9 344566 | |
| 650 | 0 | |a Pintura chilena |9 266171 | |
| 650 | 0 | |a Exposiciones |9 265884 | |
| 650 | 0 | |a Catálogos |9 256258 | |
| 583 | |a last modification |c 20050520 00:00:00 |k Rodrigo Vera | ||
| 999 | |c 313109 |d 313107 | ||
| 952 | |0 0 |1 0 |4 0 |6 759_983000000000000_PER_2005 |7 0 |8 A |9 384199 |a BIBARQ |b BIBARQ |d 2019-11-22 |i 4124987 |o 759.983 PER 2005 |p 4124987 |r 2025-01-20 |w 2019-11-22 |y BK |k ARQ | ||
| 952 | |0 0 |1 0 |4 0 |6 759_983000000000000_PER_2005 |7 0 |8 A |9 384200 |a BIBARQ |b BIBARQ |d 2019-11-22 |i 4124979 |o 759.983 PER 2005 |p 4124979 |r 2025-01-20 |w 2019-11-22 |y BK |k ARQ | ||
| 952 | |0 0 |1 0 |4 0 |6 759_983000000000000_PER_2005 |7 0 |8 A |9 384202 |a BIBART |b BIBART |d 2019-11-22 |i 413219K |o 759.983 PER 2005 |p 413219K |r 2025-03-13 |w 2019-11-22 |y BK |k ART | ||